Statistics for MLB Pitchers With 15 or More Wins

Click here to take the quiz!

General Stats

  • This quiz has been taken 14 times
  • The average score is 9 of 17

Answer Stats

Team and Number of WinsPitcher% Correct
Dodgers 18Clayton Kershaw
88%
Indians 18Corey Kluber
88%
Tigers/Astros 15Justin Verlander
88%
Nationals 15Stephen Strasburg
88%
Red Sox 17Chris Sale
75%
Mets 15Jacob deGrom
75%
Nationals 16Max Scherzer
75%
Diamondbacks 17Zack Greinke
75%
Indians 18Carlos Carrasco
50%
Indians 17Trevor Bauer
50%
Dodgers 16Alex Wood
38%
Nationals 15Gio Gonzalez
38%
Twins 16Ervin Santana
25%
Red Sox 17Drew Pomeranz
13%
Royals 18Jason Vargas
13%
Diamondbacks 15Robbie Ray
13%
Brewers 17Zach Davies
13%

Score Distribution

Percentile by Number Answered

Percent of People with Each Score

Your Score History

You have not taken this quiz